000 01289nam a2200313 c 4500
999 _c194462
_d194462
003 BLK
005 20200311143850.0
008 180411b bul|||||r ||||||| ||bul||
010 _aKNG00203693000
040 _aBLK
041 _aBUL
_cBUL
072 7 _2bullib
_aН62
_xПриложни науки. Техника Н
080 _aВодни транспортни средства. Морски транспортни средства. Плавателни съдове. Кораби. Корабостроене
_b629.5
_x.01(09)
_z629.5.01(09)
100 1 _aСкрягин, Лев Николаевич
_eпърви автор
_9121057
139 _aСкрягин, Лев Николаевич
_bС 40
245 1 0 _aКотвите
_bНауч.-попул. очерк
_cЛев Николаевич Скрягин.
257 _aRUS
260 _bТехника
_c1984
_fВраца : В. Александров
300 _a439 с.
_bс ил.
_c17 см
380 _a62
500 _aОриг. загл. Якоря / Лев Николаевич Скрягин. - 2 914 тир. - Библиогр. с. 431-436
653 _aкораби
659 _aН
852 _aЦб І 21180
856 4 _qpdf
856 4 _qpdf
942 _cKNG
_n0
_s1
944 _aCR
_c07.02.2018
_kСимона_Петрова
944 _aED
_c07.02.2018
_kСимона_Петрова
999 _d194462